| 000 | 00748nam a2200241Ia 4500 | ||
|---|---|---|---|
| 008 | 160901s9999 xx 000 0 und d | ||
| 020 | _a978-981-4246-03-0 | ||
| 050 | _aComSc HF 5548.4 | ||
| 050 | _b.M523S54 2008 | ||
| 100 | _aShelly, Gary B. | ||
| 245 | _aSpreadsheet application : | ||
| 245 | _bessentials concepts and techniques in Microsoft Excel 2007 / | ||
| 245 | _cGary B. Shelly, Thomas J. Cashman, Misty E. Vermaat; contributing authors Steven G. Forsythe… [et al] | ||
| 260 | _aSingapore : | ||
| 260 | _bThomson Learning Asia, | ||
| 260 | _c2008 | ||
| 300 | _a263 pages : | ||
| 300 | _bill. ; | ||
| 300 | _c26 cm. | ||
| 440 | _aShelly Cashman Series | ||
| 500 | _aIncludes index. | ||
| 650 | _aExcel -- Spreadsheet. | ||
| 999 |
_c300901 _d300901 |
||